| 000 | 00640nam a2200205 a 4500 | ||
|---|---|---|---|
| 005 | 20140310183342.0 | ||
| 008 | 070115s19uu xx 00 eng d | ||
| 020 | _a1581805594 | ||
| 050 |
_aNC 1764 _b.Ok38 2005 |
||
| 100 | _aOkum, David | ||
| 245 |
_aSuperhero madness : _bover 45 basic lessons for drawing cool heroes and vile villains. |
||
| 260 |
_aCincinnati, Ohio : _bImpact Books, _c2005. |
||
| 300 |
_a127 p. : _bill. ; _c28 cm. |
||
| 521 | _aMA | ||
| 650 |
_aCartooning _xTechnique. |
||
| 650 |
_aComic books, strips, etc _xTechnique. |
||
| 650 |
_aHeroes _xCaricatures and cartoons. |
||
| 942 |
_cBK _2lcc _kFOR |
||
| 999 |
_c21846 _d21846 |
||